000
00256nam a2200121Ia 4500
008
190216s9999||||xx |||||||||||||| ||und||
100
_a
Pillai R S N
245
0
_a
Statitics
260
_b
S Chand & Co
300
_a
860
650
_a
Commerce
942
_c
BK
999
_c
37228
_d
37228